00476nam a2200133Ia 4500008004100000100001700041245002800058260006900086300001100155650001600166856006800182999001900250952007300269160712s9999 xx 000 0 und d aDiaz, Glenn. cGlenn DiazaLast Resort c2011bLikhaan: The Journal of Contemporary Philippine Literature avol. 5 xSHORT STORY uhttp://journals.upd.edu.ph/index.php/lik/issue/view/295/showToc c297651d297651 001040aCLbCLd2016-07-12l0r2016-07-12 00:00:00w2016-07-12yFEJ